000
00276nam a22001097a 4500
008
230621b xxu||||| |||| 00| 0 eng d
082
_a
327.5406
_b
CHA
245
_a
Two Billion Dreams
_b
Celebrating India-Africa Friendship
260
_a
Nairobi
300
_a
200
942
_2
ddc
_c
BK
999
_c
2104
_d
2104